Loading...
| History - Other | 0 | 7 | 2 | 2 | 60 | 78 | 99.43 | 0 | 3 | 13.49 | 26.41 |
| Fine Arts - Other | 0 | 5 | 0 | 3 | 50 | 95 | 124.00 | 0 | 2 | 3.44 | 17.95 |
| History - American | 0 | 5 | 1 | 2 | 45 | 69 | 95.40 | 1 | 3 | 8.97 | 20.51 |
| History - European | 0 | 5 | 2 | 0 | 40 | 76 | 93.00 | 0 | 4 | 12.58 | 23.85 |
| Fine Arts - Classical Music | 0 | 3 | 0 | 0 | 30 | 76 | 93.67 | 0 | 3 | 5.59 | 15.38 |
| Literature - British | 0 | 3 | 0 | 0 | 30 | 55 | 88.00 | 1 | 2 | 8.54 | 16.67 |
| Religion | 0 | 2 | 1 | 0 | 15 | 76 | 92.50 | 1 | 2 | 5.01 | 14.10 |
| Social Science | 0 | 1 | 0 | 0 | 10 | 63 | 63.00 | 0 | 1 | 3.85 | 6.41 |
| Literature - American | 0 | 1 | 0 | 0 | 10 | 75 | 75.00 | 1 | 1 | 3.60 | 7.69 |
| Geography | 0 | 1 | 0 | 0 | 10 | 57 | 57.00 | 1 | 1 | 14.04 | 25.00 |
| Literature - World | 0 | 1 | 0 | 0 | 10 | 100 | 100.00 | 0 | 1 | 2.53 | 6.41 |
| Philosophy | 0 | 1 | 0 | 0 | 10 | 65 | 65.00 | 0 | 1 | 3.99 | 6.41 |
| Pop Culture | 0 | 1 | 0 | 0 | 10 | 47 | 47.00 | 1 | 1 | 16.10 | 25.00 |
| History - World | 0 | 2 | 3 | 0 | 5 | 52 | 70.00 | 1 | 2 | 6.86 | 10.26 |
| Current Events | 0 | 0 | 1 | 0 | -5 | 0.00 | 0 | 0 | 0.00 | 0.00 |